Corynespora ila rogavum niyanthrana margangalum (Record no. 56418)

MARC details
000 -LEADER
fixed length control field 00328nam a2200133Ia 4500
100 ## - MAIN ENTRY--AUTHOR NAME
Personal name Philip S
245 #0 - TITLE STATEMENT
Title Corynespora ila rogavum niyanthrana margangalum
260 ## - PUBLICATION, DISTRIBUTION, ETC. (IMPRINT)
Name of publisher Rubber
Year of publication 2019
300 ## - PHYSICAL DESCRIPTION
Number of Pages 11-Jul
650 ## - SUBJECT ADDED ENTRY--TOPICAL TERM
Topical Term Corynespora
650 ## - SUBJECT ADDED ENTRY--TOPICAL TERM
Topical Term Disease control
942 ## - ADDED ENTRY ELEMENTS (KOHA)
Koha item type Journals
Holdings
Withdrawn status Lost status Damaged status Not for loan Home library Current library Shelving location Date acquired Serial Enumeration / chronology Koha item type
      Journals RRII Library RRII Library Pathology 17/12/2021 Volume 634, Issue Jan Journals